| 000 | 00657nmm a2200253 a 4500 | ||
|---|---|---|---|
| 003 | AR-BaBNM | ||
| 005 | 20251128202827.0 | ||
| 008 | 076019s1949 ||||||||||||||000 | spa|| | ||
| 040 | _cAR-BaBNM | ||
| 100 | 1 | _aBelmes, Pedro Guillermo | |
| 245 | 1 | 0 | _aMujeres benefactoras del mundo |
| 260 |
_aBuenos Aires _bEl autor _c1949 |
||
| 300 | 0 |
_a245 p. _bil. |
|
| 650 | 4 | _aMUJERES | |
| 650 | 4 | _aBIOGRAFIAS | |
| 650 | 4 | _aHISTORIA DE LA MEDICINA | |
| 650 | 4 | _aORGANIZACIONES VOLUNTARIAS | |
| 650 | 4 | _aHISTORIA DE LAS CIENCIAS | |
| 650 | 4 | _aMEDICOS | |
| 650 | 4 | _aORGANIZACIONES FEMENINAS | |
| 700 | 1 | _aBelmes, Luisa G. de | |
| 942 | _cBK | ||
| 998 | _cMARTIN | ||
| 999 |
_c764 _d764 |
||